[Event "ROM-chT"]
[Site "Baile Govora"]
[Date "2017.11.19"]
[Round "9.2"]
[White "Kelly, Ladislau Endre"]
[Black "Secheres, Adrian Simion"]
[Result "1/2-1/2"]
[WhiteElo "2168"]
[BlackElo "2349"]
[PlyCount "111"]
[EventDate "2017.11.11"]
[EventType "team-tourn"]
[EventRounds "9"]
[EventCountry "ROU"]
[SourceTitle "CBM 181 Extra"]
[Source "ChessBase"]
[SourceDate "2017.12.12"]
[SourceVersion "1"]
[SourceVersionDate "2017.12.12"]
[SourceQuality "1"]
[WhiteTeam "Arad Vados"]
[BlackTeam "Timisoara Vest Univ"]
[WhiteTeamCountry "ROU"]
[BlackTeamCountry "ROU"]

1. d4 Nf6 2. c3 g6 3. g3 Bg7 4. Bg2 d6 5. Nf3 0-0 6. 0-0 Nbd7 7. Nbd2 e5 8. dxe5 Nxe5 9. Nxe5 dxe5 10. Nb3 Qe7 11. Be3 Rd8 12. Bc5 Qe8 13. Qc1 c6 14. Rd1 Rxd1+ 15. Qxd1 Be6 16. Qe1 b6 17. Ba3 Rc8 18. Rd1 c5 19. Nc1 Qa4 20. Rd6 Bf8 21. Qd1 Qe8 22. Rd2 b5 23. b3 a5 24. Nd3 e4 25. Nxc5 e3 26. Nxe6 Bxa3 27. Rd8 Rxd8 28. Qxd8 exf2+ 29. Kf1 Qxd8 30. Nxd8 Ng4 31. h3 Ne3+ 32. Kxf2 Nd1+ 33. Ke1 Nxc3 34. Bc6 Bb4 35. Kf2 Kf8 36. a4 bxa4 37. bxa4 Bc5+ 38. Kf3 Bb6 39. Nb7 Ke7 40. g4 f6 41. e3 h6 42. h4 Ke6 43. e4 Ke5 44. Be8 g5 45. hxg5 hxg5 46. Bc6 Na2 47. Bd7 Nc1 48. Bf5 Nb3 49. Bd7 Nc1 50. Bf5 Nd3 51. Bd7 Kd4 52. Ke2 Bc7 53. Bf5 Nb2 54. Bd7 Nc4 55. Bf5 Nb6 56. Nxa5 1/2-1/2

[Event "Arad op 9th"]
[Site "Arad"]
[Date "2016.08.11"]
[Round "8"]
[White "Anuta, Laurentiu"]
[Black "Kelly, Ladislau Endre"]
[Result "1/2-1/2"]
[WhiteElo "1955"]
[BlackElo "2173"]
[PlyCount "94"]
[EventDate "2016.08.06"]
[EventType "swiss"]
[EventRounds "9"]
[EventCountry "ROU"]
[SourceTitle "CBM 173 Extra"]
[Source "ChessBase"]
[SourceDate "2016.08.29"]
[SourceVersion "1"]
[SourceVersionDate "2016.08.29"]
[SourceQuality "1"]

1. Nf3 Nf6 2. b3 g6 3. Bb2 Bg7 4. e3 0-0 5. Be2 d6 6. d4 b6 7. 0-0 Bb7 8. c4 c5 9. Nbd2 cxd4 10. exd4 e6 11. Rc1 Nc6 12. Re1 Ne7 13. Bd3 Rc8 14. Ne4 Nxe4 15. Bxe4 Qd7 16. Bxb7 Qxb7 17. Rc2 d5 18. Ne5 dxc4 19. bxc4 Rfd8 20. g4 Rc7 21. Qe2 Nc6 22. Nxc6 Qxc6 23. Rd1 Qa4 24. h3 Rcd7 25. d5 Bxb2 26. Rxb2 exd5 27. Rxd5 Rxd5 28. cxd5 Rxd5 29. Rd2 Rxd2 30. Qxd2 h6 31. Qd5 Kg7 32. Qe5+ Kh7 33. Qd5 Qe8 34. Qb7 a5 35. Qxb6 Qe1+ 36. Kg2 Qe4+ 37. Kg1 Qe1+ 38. Kg2 Qe4+ 39. Kg1 a4 40. Qb2 Qf3 41. Qc2 a3 42. Qc4 Kg7 43. Qd4+ Kg8 44. Kh2 Kh7 45. Qa7 Kg8 46. Qb8+ Kh7 47. Qg3 Qf6 1/2-1/2

[Event "Arad op 9th"]
[Site "Arad"]
[Date "2016.08.09"]
[Round "5"]
[White "Manea, Alexandru"]
[Black "Kelly, Ladislau Endre"]
[Result "1/2-1/2"]
[WhiteElo "2396"]
[BlackElo "2173"]
[PlyCount "66"]
[EventDate "2016.08.06"]
[EventType "swiss"]
[EventRounds "9"]
[EventCountry "ROU"]
[SourceTitle "CBM 173 Extra"]
[Source "ChessBase"]
[SourceDate "2016.08.29"]
[SourceVersion "1"]
[SourceVersionDate "2016.08.29"]
[SourceQuality "1"]

1. d4 g6 2. e4 d6 3. Nc3 Bg7 4. Be3 Nd7 5. h4 h5 6. f3 a6 7. Qd2 b5 8. Nh3 Bb7 9. Ng5 Rc8 10. a4 c6 11. Be2 Ngf6 12. 0-0 0-0 13. Nd1 Nh7 14. Nf2 Nxg5 15. Bxg5 c5 16. axb5 axb5 17. c3 b4 18. d5 bxc3 19. bxc3 Rb8 20. Rfb1 Bf6 21. Ra7 Bc8 22. Rxb8 Nxb8 23. e5 dxe5 24. Bxf6 exf6 25. d6 Be6 26. Ne4 Kg7 27. Nxc5 Qb6 28. Rc7 Rd8 29. Kh2 Rxd6 30. Nxe6+ Rxe6 31. Qd8 Rc6 32. Rc8 Qxd8 33. Rxd8 Na6 1/2-1/2

[Event "ROM-chT2"]
[Site "Calimanesti"]
[Date "2014.11.14"]
[Round "7.4"]
[White "Kelly, Ladislau Endre"]
[Black "Pit Rada, Mihail Cosmin"]
[Result "1/2-1/2"]
[WhiteElo "2192"]
[BlackElo "2159"]
[PlyCount "144"]
[EventDate "2014.11.08"]
[EventType "team-tourn"]
[EventRounds "9"]
[EventCountry "ROU"]
[SourceTitle "CBM 163 Extra"]
[Source "ChessBase"]
[SourceDate "2014.12.23"]
[SourceVersion "1"]
[SourceVersionDate "2014.12.23"]
[SourceQuality "1"]
[WhiteTeam "Arad Vados"]
[BlackTeam "Targoviste University"]
[WhiteTeamCountry "ROU"]
[BlackTeamCountry "ROU"]

1. d4 Nf6 2. Nc3 d5 3. Bg5 c5 4. e3 cxd4 5. Bxf6 gxf6 6. Qxd4 e6 7. Bb5+ Nc6 8. Nge2 Bd7 9. Qh4 a6 10. Bd3 b5 11. Nf4 f5 12. Qg3 Bd6 13. Qg7 Be5 14. Qh6 Qf6 15. Qxf6 Bxf6 16. 0-0-0 Nb4 17. a3 Nxd3+ 18. cxd3 Rc8 19. d4 Be7 20. Nd3 a5 21. Kd2 b4 22. axb4 axb4 23. Na2 Rb8 24. Rc1 Bd6 25. b3 Ke7 26. g3 Rb5 27. Rc2 Ra8 28. Rb1 Ra3 29. Nac1 Rba5 30. Rbb2 Bb5 31. Nc5 Ra7 32. N1d3 Bxd3 33. Nxd3 Ra8 34. Rc6 Kd7 35. Rc1 R8a5 36. Rcc2 Kd8 37. Ke2 Kd7 38. Kd2 Ra1 39. Rc1 R1a3 40. Ne1 Ra8 41. Nf3 h6 42. Ne1 R8a7 43. Nd3 R7a5 44. Rcb1 Ra8 45. Rc2 R8a5 46. Rcc1 Ra2+ 47. Rc2 R2a3 48. h3 Ra8 49. Ke2 Ra1 50. Rxa1 Rxa1 51. Nc1 Ke7 52. Kd2 Ra8 53. Na2 Kd7 54. Kc1 f6 55. Kd2 Rg8 56. Nc1 Ra8 57. Ra2 Rxa2+ 58. Nxa2 e5 59. Kd3 e4+ 60. Ke2 h5 61. Kf1 Ke6 62. Nc1 Kf7 63. Ne2 Kg6 64. Kg2 Kg5 65. h4+ Kg6 66. Ng1 Bb8 67. Nh3 Bd6 68. f3 Bb8 69. Nf2 Kf7 70. fxe4 fxe4 71. g4 f5 72. gxf5 Kf6 1/2-1/2

[Event "HUN-chT2 Toth 1415"]
[Site "Hungary"]
[Date "2014.10.12"]
[Round "3.1"]
[White "Kelly, Ladislau Endre"]
[Black "Czegledi, Zsolt"]
[Result "1/2-1/2"]
[WhiteElo "2234"]
[BlackElo "2158"]
[PlyCount "22"]
[EventDate "2014.09.07"]
[EventType "team-tourn"]
[EventRounds "11"]
[EventCountry "HUN"]
[SourceTitle "EXT 2016"]
[Source "ChessBase"]
[SourceDate "2015.10.08"]
[SourceVersion "1"]
[SourceVersionDate "2015.10.08"]
[SourceQuality "1"]
[WhiteTeam "Gyula"]
[BlackTeam "Toth Laszlo"]
[WhiteTeamCountry "HUN"]
[BlackTeamCountry "HUN"]

1. Nf3 d5 2. d4 Nf6 3. b3 e6 4. Bb2 c5 5. e3 Nc6 6. Nbd2 Be7 7. Ne5 0-0 8. Bd3 cxd4 9. exd4 Nb4 10. Be2 Qc7 11. c3 Nc6 1/2-1/2

[Event "Arad op"]
[Site "Arad"]
[Date "2012.08.02"]
[Round "9"]
[White "Vedmediuc, Serghei"]
[Black "Kelly, Ladislau Endre"]
[Result "1-0"]
[WhiteElo "2468"]
[BlackElo "2239"]
[PlyCount "79"]
[EventDate "2012.07.27"]
[EventType "swiss"]
[EventRounds "9"]
[EventCountry "ROU"]
[SourceTitle "CBM 149 Extra"]
[Source "ChessBase"]
[SourceDate "2012.08.24"]
[SourceVersion "1"]
[SourceVersionDate "2012.08.24"]
[SourceQuality "1"]

1. e4 c5 2. Nf3 d6 3. d4 cxd4 4. Nxd4 Nf6 5. Nc3 g6 6. Be3 Bg7 7. f3 Nc6 8. Qd2 Bd7 9. 0-0-0 Nxd4 10. Bxd4 0-0 11. Kb1 a6 12. h4 h5 13. Be2 b5 14. g4 e5 15. Be3 hxg4 16. Bg5 Be6 17. h5 gxh5 18. Bh6 Ne8 19. fxg4 h4 20. Rdf1 b4 21. Nd5 Bxd5 22. exd5 f5 23. gxf5 Ra7 24. Be3 Raf7 25. Qxb4 Rxf5 26. Rxf5 Rxf5 27. Bg4 a5 28. Qe4 Rf6 29. Be6+ Rxe6 30. dxe6 Qe7 31. Qg6 Nc7 32. Bh6 Nxe6 33. Bxg7 Nxg7 34. Qg4 e4 35. Qxh4 Qe5 36. Qh7+ Kf7 37. Rf1+ Ke7 38. Qg6 Ne8 39. Rf7+ Kd8 40. Qg4 1-0

[Event "HUN-chT2 Toth 1112"]
[Site "Hungary"]
[Date "2012.03.25"]
[Round "8.3"]
[White "Bodrogi, Laszlo"]
[Black "Kelly, Ladislau Endre"]
[Result "0-1"]
[WhiteElo "2054"]
[BlackElo "2247"]
[PlyCount "102"]
[EventDate "2011.09.25"]
[EventType "team-tourn"]
[EventRounds "11"]
[EventCountry "HUN"]
[SourceTitle "EXT 2013"]
[Source "ChessBase"]
[SourceDate "2012.11.22"]
[SourceVersion "1"]
[SourceVersionDate "2012.11.22"]
[SourceQuality "1"]
[WhiteTeam "Abony"]
[BlackTeam "Gyula"]
[WhiteTeamCountry "HUN"]
[BlackTeamCountry "HUN"]

1. e4 c5 2. Nf3 Nc6 3. d4 cxd4 4. Nxd4 Nf6 5. Nc3 d6 6. Bc4 g6 7. Be3 Bg7 8. f3 Bd7 9. Qd2 Ne5 10. Bb3 Rc8 11. Bh6 0-0 12. h4 Nc4 13. Bxc4 Rxc4 14. Bxg7 Kxg7 15. h5 Nxh5 16. g4 e5 17. Nf5+ Bxf5 18. gxh5 Rd4 19. Qc1 Be6 20. hxg6 hxg6 21. Qh6+ Kf6 22. f4 exf4 23. Qxf4+ Ke7 24. Qg5+ Kd7 25. Qxd8+ Rxd8 26. Ke2 Rc8 27. Rad1 Rxd1 28. Kxd1 a6 29. Kd2 Rc5 30. Rh8 Rg5 31. b3 Rg2+ 32. Kd3 g5 33. Ne2 d5 34. exd5 Bxd5 35. c4 Be4+ 36. Kxe4 Rxe2+ 37. Kf5 Rxa2 38. Rb8 Kc7 39. Rf8 Rb2 40. Rxf7+ Kc6 41. Ke4 Rxb3 42. Kd4 g4 43. Rf6+ Kd7 44. Rg6 g3 45. c5 a5 46. Kd5 a4 47. Rg7+ Ke8 48. Rg4 a3 49. Rg8+ Kf7 50. Ra8 g2 51. c6 g1Q 0-1

[Event "Arad op-A"]
[Site "Arad"]
[Date "2011.08.09"]
[Round "6"]
[White "Pachia, Mihai"]
[Black "Kelly, Ladislau Endre"]
[Result "0-1"]
[WhiteElo "2070"]
[BlackElo "2245"]
[PlyCount "80"]
[EventDate "2011.08.05"]
[EventType "swiss"]
[EventRounds "9"]
[EventCountry "ROU"]
[SourceTitle "CBM 143 Extra"]
[Source "ChessBase"]
[SourceDate "2011.08.29"]
[SourceVersion "1"]
[SourceVersionDate "2011.08.29"]
[SourceQuality "1"]

1. e4 c5 2. Nf3 e6 3. d3 d5 4. Nbd2 Nf6 5. g3 b6 6. Bg2 Bb7 7. 0-0 dxe4 8. Ng5 Nc6 9. Ngxe4 Be7 10. h4 Qd7 11. a4 0-0 12. Nxf6+ Bxf6 13. Ne4 Bd4 14. h5 h6 15. c3 Be5 16. f4 Bc7 17. Bh3 Ne7 18. Bg2 Bc6 19. a5 Rad8 20. axb6 axb6 21. Ra7 Nc8 22. Rxc7 Qxc7 23. Qf3 f5 24. Nf6+ gxf6 25. Qxc6 Qxc6 26. Bxc6 Rxd3 27. Kf2 Rfd8 28. Bf3 Nd6 29. Re1 Kf7 30. Rg1 Ne4+ 31. Ke2 c4 32. Be3 b5 33. g4 Ra8 34. gxf5 exf5 35. Rb1 Ra2 36. Bxe4 fxe4 37. f5 Rxc3 38. Bxh6 Rh3 39. Bf4 Rxh5 40. Ke3 Rxf5 0-1

[Event "Arad op-A"]
[Site "Arad"]
[Date "2011.08.07"]
[Round "3"]
[White "Kelly, Ladislau Endre"]
[Black "Murariu, Andrei"]
[Result "0-1"]
[WhiteElo "2245"]
[BlackElo "2499"]
[PlyCount "64"]
[EventDate "2011.08.05"]
[EventType "swiss"]
[EventRounds "9"]
[EventCountry "ROU"]
[SourceTitle "CBM 143 Extra"]
[Source "ChessBase"]
[SourceDate "2011.08.29"]
[SourceVersion "1"]
[SourceVersionDate "2011.08.29"]
[SourceQuality "1"]

1. d4 d5 2. Nf3 Nf6 3. g3 Bf5 4. Bg2 h6 5. 0-0 e6 6. c4 c6 7. b3 Nbd7 8. Nc3 Be7 9. Bb2 0-0 10. Nd2 a5 11. Re1 Re8 12. Rc1 Bg6 13. f4 Bb4 14. a3 Bxc3 15. Bxc3 b5 16. e4 Nxe4 17. Nxe4 dxe4 18. Bxe4 Bxe4 19. Rxe4 a4 20. d5 exd5 21. Rxe8+ Qxe8 22. cxb5 Qe3+ 23. Kf1 cxb5 24. bxa4 bxa4 25. Bb4 Nf6 26. Rc2 Re8 27. Qe2 Qb3 28. Qd2 d4 29. Rc1 Qf3+ 30. Qf2 Qd3+ 31. Kg1 Re2 32. Qf1 Qe3+ 0-1